000 00604cab a2200205 4500
001 ABS38917
008 090401t1988 xxu||||| |||| 00| 0 eng d
035 _a(Sirsi) u13314
041 _aeng
110 _aRoyal Institution of Chartered Surveyors
_bInsurance Services
_9643
245 _aMaking dishonesty pay
260 _c1988
350 _a0
490 _aChartered Quantity Surveyor
_v10(7) March 1988, 24(1)
520 _aReviews insurance claims involving misappropriation of money by company employees.
650 _aFRAUD
690 _aINSURANCE
_96249
942 _n0
948 _c04/03/1997
999 _c8579
_d8579